| 000 | 01712cam a22003974a 4500 | ||
|---|---|---|---|
| 001 | 7873621 | ||
| 003 | OSt | ||
| 005 | 20220106102812.0 | ||
| 006 | m d | ||
| 007 | cr n | ||
| 008 | 080108s2007 gw a sb 001 0 eng d | ||
| 020 | _a9783540709473 (hardcover : alk. paper) | ||
| 035 | _a(WaSeSS)ssj0000319811 | ||
| 038 | _aKhadija | ||
| 040 |
_aDLC _cDLC _dDLC _dWaSeSS |
||
| 041 | 1 |
_aeng _hger |
|
| 050 | 4 |
_aTJ808 _b.E7613 2007 |
|
| 050 | 4 | _aTJ808 | |
| 082 | 0 | 0 |
_a621.042 _222 _bREN |
| 130 | 0 |
_aErneuerbare Energien. _lEnglish. _987351 |
|
| 210 | 1 | 0 | _aRenewable energy |
| 245 | 1 | 0 |
_aRenewable energy : _btechnology, economics, and environment / _c[editors] Martin Kaltschmitt, Wolfgang Streicher, Andreas Wiese. |
| 260 |
_aBerlin ; _aNew York : _bSpringer, _cc2007. |
||
| 500 | _a"The present English version is a corrected and enlarged update of the 4th German edition published in early 2005. In contrast to the German edition, all comments and information have been adapted to include the framework conditions outside of Central Europe"--P. vi. | ||
| 504 | _aIncludes bibliographical references (p. [519]-533) and index. | ||
| 506 | _aLicense restrictions may limit access. | ||
| 563 | _aHB | ||
| 650 | 0 |
_aRenewable energy sources. _987352 |
|
| 700 | 1 |
_aKaltschmitt, Martin. _987353 |
|
| 700 | 1 |
_aStreicher, Wolfgang, _cAo. Univ.-Prof. Dipl.-Ing. Dr. techn. _987354 |
|
| 700 | 1 |
_aWiese, Andreas, _cDr.-Ing. _987355 |
|
| 773 | 0 | _tSpringerLink ebooks - Engineering (2007) | |
| 856 | 4 | 0 |
_uhttp://www.columbia.edu/cgi-bin/cul/resolve?clio7873621 _zFull text available from SpringerLink ebooks - Engineering (2007) |
| 910 | _aLibrary of Congress record | ||
| 942 |
_2ddc _cBK |
||
| 999 |
_c32565 _d32565 |
||